| 000 | 00417cam a2200181ua 4500 | ||
|---|---|---|---|
| 020 | _c1.00 | ||
| 041 |
_ahin _h |
||
| 082 |
_a891.54 _bPRE/PO |
||
| 100 | _aPremchand, . | ||
| 245 |
_aPoos ki rath / _cPremchand. _hTextual Documents |
||
| 250 |
_a4 / _b. |
||
| 260 |
_aIlahabad : _bHans Prakashan , _c1961. |
||
| 300 | _a103 ; . | ||
| 365 | _a1.00 | ||
| 504 | _a | ||
| 942 | _cBK | ||
| 999 |
_c12145 _d12145 |
||